ბათუმის შოთა რუსთაველის სახელმწიფო უნივერსიტეტის ბიბლიოთეკა

ხეები თოვლში (ბიბ.ჩანაწერი № 48936)

000 -LEADER
fixed length control field 00691nam a2200217Ia 4500
001 - CONTROL NUMBER
control field 15839
003 - CONTROL NUMBER IDENTIFIER
control field GE_BSU
008 - FIXED-LENGTH DATA ELEMENTS--GENERAL INFORMATION
fixed length control field 181216s||||||||xx |||||||||||||| ||und||
040 ## - CATALOGING SOURCE
Transcribing agency GE_BSU
100 ## - MAIN ENTRY--PERSONAL NAME
Personal name ხურცილავა, მურმან
245 ## - TITLE STATEMENT
Title ხეები თოვლში
245 ## - TITLE STATEMENT
Remainder of title ლექსები
245 ## - TITLE STATEMENT
Statement of responsibility, etc. რედ. მოსე გვასალია მხ. პ.ცქვიტარია
260 ## - PUBLICATION, DISTRIBUTION, ETC.
Place of publication, distribution, etc. სოხუმი
260 ## - PUBLICATION, DISTRIBUTION, ETC.
Name of publisher, distributor, etc. ალაშარა
260 ## - PUBLICATION, DISTRIBUTION, ETC.
Date of publication, distribution, etc. 1969
300 ## - PHYSICAL DESCRIPTION
Extent 90გვ. : 1 ფ. პორტრ. ; 17სმ
653 ## - INDEX TERM--UNCONTROLLED
Uncontrolled term ლექსები
653 ## - INDEX TERM--UNCONTROLLED
Uncontrolled term ხეები თოვლში
942 ## - ADDED ENTRY ELEMENTS (KOHA)
Koha item type წიგნი
ეგზემპლარები
Withdrawn status Lost status Damaged status Not for loan Date acquired Barcode Date last seen Price effective from Koha item type
        2018-12-17 39484 2018-12-17 2018-12-17 წიგნი